[Event "Bundesliga 0001"]
[Site "Deutschland"]
[Date "2000.10.14"]
[Round "1.1"]
[White "Hracek, Zbynek"]
[Black "Feygin, Michael"]
[Result "1/2-1/2"]
[BlackElo "2482"]
[BlackTeam "SC Hassel KS Gelsenkirchen"]
[BlackTeamCountry "GER"]
[EventCountry "GER"]
[EventDate "2000.10.14"]
[EventRounds "15"]
[EventType "team"]
[PlyCount "35"]
[Source "DeepChess"]
[SourceDate "2005.01.01"]
[WhiteElo "2612"]
[WhiteTeam "SAbt SV Werder Bremen"]
[WhiteTeamCountry "GER"]

1. e4 e6 2. d4 d5 3. Nc3 Nf6 4. Bg5 Bb4 5. exd5 exd5 6. Bd3 Be6 7. Ne2 c5 8. dxc5 Nbd7 9. O-O O-O 10. a3 Bxc5 11. Nf4 Qc7 12. Qf3 Qe5 13. Bxf6 Nxf6 14. Rae1 Qd6 15. Nb5 Qd7 16. Nxe6 fxe6 17. Qh3 Rae8 18. b4  1/2-1/2

[Event "Bundesliga 0001"]
[Site "Deutschland"]
[Date "2000.10.14"]
[Round "1.6"]
[White "Nijboer, Friso"]
[Black "Koch, Wolfgang Max Dr"]
[Result "1-0"]
[BlackElo "2335"]
[BlackTeam "SF 1982 Baiertal Schatthausen"]
[BlackTeamCountry "GER"]
[EventCountry "GER"]
[EventDate "2000.10.14"]
[EventRounds "15"]
[EventType "team"]
[PlyCount "56"]
[Source "DeepChess"]
[SourceDate "2005.01.01"]
[WhiteElo "2537"]
[WhiteTeam "SG Porz e.V."]
[WhiteTeamCountry "GER"]

1. e4 d6 2. d4 Nf6 3. Nc3 g6 4. Be3 c6 5. Qd2 Bg7 6. Bh6 Bxh6 7. Qxh6 Qa5 8. Bd3 Na6 9. Ne2 Nb4 10. O-O Nxd3 11. cxd3 Qh5 12. Qf4 h6 13. e5 dxe5 14. dxe5 Nd7 15. e6 fxe6 16. Rae1 e5 17. Qb4 a5 18. Qa3 Qh4 19. Ne4 Rf8 20. Qc3 Ra6 21. Nc1 c5 22. Nb3 a4 23. Nbxc5 Rc6 24. Qb4 Rf4 25. Nxd7 Bxd7 26. Qxb7 Rc2 27. Rc1 Rxc1 28. Rxc1 Rg4 $138  1-0

[Event "Bundesliga 0001"]
[Site "Deutschland"]
[Date "2000.12.09"]
[Round "3.1"]
[White "Epishin, Vladimir"]
[Black "Khenkin, Igor"]
[Result "1-0"]
[BlackElo "2633"]
[BlackTeam "TV Tegernsee"]
[BlackTeamCountry "GER"]
[EventCountry "GER"]
[EventDate "2000.10.14"]
[EventRounds "15"]
[EventType "team"]
[PlyCount "73"]
[Source "DeepChess"]
[SourceDate "2005.01.01"]
[WhiteElo "2567"]
[WhiteTeam "Luebecker SV von 1873 "]
[WhiteTeamCountry "GER"]

1. d4 Nf6 2. c4 e6 3. Nc3 Bb4 4. e3 c5 5. Ne2 cxd4 6. exd4 O-O 7. a3 Be7 8. Nf4 d5 9. cxd5 Nxd5 10. Ncxd5 exd5 11. Bd3 Nc6 12. O-O Bg5 13. Re1 Bxf4 14. Bxf4 Qh4 15. Be3 Be6 16. Qd2 Qf6 17. f3 Bf5 18. Bf1 h6 19. b4 Ne7 20. Bf2 Rac8 21. Rac1 Rfd8 22. a4 Be6 23. a5 Nf5 24. Qf4 g5 25. Qd2 Nd6 26. h3 Rxc1 27. Rxc1 Nc4 28. Bxc4 dxc4 29. Qc3 a6 30. Re1 Qg6 31. Re5 Qb1+ 32. Kh2 Qb3 33. Qe1 c3 34. d5 Bxd5 35. Bd4 Qxb4 36. Re8+ Rxe8 37. Qxe8+  1-0

[Event "Bundesliga 0001"]
[Site "Deutschland"]
[Date "2000.12.09"]
[Round "3.3"]
[White "Paulsen, Dirk"]
[Black "Slobodjan, Roman"]
[Result "0-1"]
[BlackElo "2539"]
[BlackTeam "USC Magdeburg"]
[BlackTeamCountry "GER"]
[EventCountry "GER"]
[EventDate "2000.10.14"]
[EventRounds "15"]
[EventType "team"]
[PlyCount "103"]
[Source "DeepChess"]
[SourceDate "2005.01.01"]
[WhiteElo "2431"]
[WhiteTeam "SK Koenig Tegel 1949 e.V. "]
[WhiteTeamCountry "GER"]

1. e4 d6 2. d4 Nf6 3. Nc3 g6 4. Bc4 c6 5. Qe2 Bg7 6. Nf3 O-O 7. O-O d5 8. Bd3 dxe4 9. Nxe4 Nxe4 10. Bxe4 Bg4 11. c3 e6 12. Bf4 Nd7 13. h3 Bxf3 14. Bxf3 Re8 15. Rad1 Nf6 16. Be5 a5 17. Rfe1 Re7 18. h4 Rd7 19. h5 Nd5 20. g3 Qf8 21. Kg2 g5 22. h6 Bxh6 23. Rh1 f6 24. c4 Nb4 25. Bg4 Re8 26. Bb8 f5 27. Bh5 Ree7 28. Qe5 Bg7 29. Qxa5 Qxb8 30. Qxb4 Qd8 31. d5 exd5 32. cxd5 cxd5 33. Bf3 g4 34. Bxd5+ Rxd5 35. Qb3 Re5 36. Rhe1 Kh8 37. Rxd5 Rxd5 38. Qxb7 Rd7 39. Qb5 f4 40. Qh5 Qa8+ 41. Kg1 Rd8 42. Qxg4 fxg3 43. fxg3 Qxa2 44. b4 Qd2 45. Re2 Qd1+ 46. Kg2 Rf8 47. Qe4 Bd4 48. Kh3 Qf1+ 49. Qg2 Qf5+ 50. g4 Qd3+ 51. Kh2 Ba7 52. Kh1  0-1

[Event "Bundesliga 0001"]
[Site "Deutschland"]
[Date "2001.01.07"]
[Round "5.8"]
[White "Wiechen, Ulrich"]
[Black "Schaefer, Markus"]
[Result "0-1"]
[BlackElo "2393"]
[BlackTeam "SG 1868 Aljech. Solingen"]
[BlackTeamCountry "GER"]
[EventCountry "GER"]
[EventDate "2000.10.14"]
[EventRounds "15"]
[EventType "team"]
[PlyCount "68"]
[Source "DeepChess"]
[SourceDate "2005.01.01"]
[WhiteElo "2029"]
[WhiteTeam "SC Hassel KS Gelsenkirchen"]
[WhiteTeamCountry "GER"]

1. e4 e6 2. d4 d5 3. Nc3 Nf6 4. Bg5 Be7 5. e5 Nfd7 6. h4 c5 7. Nb5 f6 8. exf6 Nxf6 9. Bf4 Na6 10. Nf3 O-O 11. Ne5 Ne4 12. g3 cxd4 13. Nxd4 Bb4+ 14. c3 Nxc3 15. bxc3 Bxc3+ 16. Ke2 Qb6 17. Ke3 Nb4 18. Rc1 Bb2 19. Bh3 Nc6 20. Rxc6 bxc6 21. Nxc6 Bxd4+ 22. Nxd4 e5 23. Bxe5 Bxh3 24. Rxh3 Qg6 25. Qd3 Qg4 26. Rh1 Rae8 27. f4 Qxg3+ 28. Kd2 Qg2+ 29. Ne2 Qxh1 30. Ng3 Qg2+ 31. Kc3 Rc8+ 32. Kb3 Rb8+ 33. Bxb8 Rxb8+ 34. Kc3 Qb2#  0-1

[Event "Bundesliga 0001"]
[Site "Deutschland"]
[Date "2001.01.28"]
[Round "7.8"]
[White "Ramlow, Marcus"]
[Black "Cladouras, Panagiotis"]
[Result "1/2-1/2"]
[BlackElo "2338"]
[BlackTeam "Luebecker SV von 1873 "]
[BlackTeamCountry "GER"]
[EventCountry "GER"]
[EventDate "2000.10.14"]
[EventRounds "15"]
[EventType "team"]
[PlyCount "87"]
[Source "DeepChess"]
[SourceDate "2005.01.01"]
[WhiteElo "2190"]
[WhiteTeam "TSV Schott Mainz"]
[WhiteTeamCountry "GER"]

1. d4 Nf6 2. Bg5 e6 3. e4 h6 4. Bxf6 Qxf6 5. Nc3 d6 6. Qd2 c6 7. f4 e5 8. dxe5 dxe5 9. fxe5 Qxe5 10. Nf3 Qd6 11. Bd3 Be6 12. e5 Qb4 13. O-O-O Be7 14. Qe2 Nd7 15. a3 Qa5 16. Bc4 Bxc4 17. Qxc4 Nxe5 18. Qd4 Nxf3 19. Qd7+ Kf8 20. Qxb7 Re8 21. gxf3 Bxa3 22. Rd7 Qxc3 23. bxa3 Qxa3+ 24. Kb1 Qxf3 25. Rhd1 Kg8 26. R7d3 Qf5 27. Rb3 Kh7 28. Qxc6 Rc8 29. Qg2 Rb8 30. Rd3 Rhe8 31. Qd2 a5 32. Qc3 a4 33. Rb4 Rxb4+ 34. Qxb4 Qf1+ 35. Ka2 Re1 36. Qb2 Re2 37. Rg3 g6 38. Qc3 Qf5 39. Rd3 Qe6+ 40. Kb2 Qb6+ 41. Ka2 Qe6+ 42. Kb2 Qb6+ 43. Ka2 Qe6+ 44. Kb2  1/2-1/2

[Event "Bundesliga 0001"]
[Site "Deutschland"]
[Date "2001.01.28"]
[Round "7.2"]
[White "Jussupow, Artur"]
[Black "Nielsen, Peter-Heine"]
[Result "0-1"]
[BlackElo "2578"]
[BlackTeam "SV Wattenscheid 1930"]
[BlackTeamCountry "GER"]
[EventCountry "GER"]
[EventDate "2000.10.14"]
[EventRounds "15"]
[EventType "team"]
[PlyCount "118"]
[Source "DeepChess"]
[SourceDate "2005.01.01"]
[WhiteElo "2610"]
[WhiteTeam "SG 1868 Aljech. Solingen"]
[WhiteTeamCountry "GER"]

1. d4 d5 2. c4 c6 3. e3 Nf6 4. Nc3 e6 5. b3 Bb4 6. Bb2 Ne4 7. Ne2 c5 8. f3 Nxc3 9. Bxc3 Bxc3+ 10. Nxc3 Qa5 11. Rc1 dxc4 12. Bxc4 cxd4 13. Qxd4 O-O 14. O-O Nc6 15. Qe4 Rd8 16. f4 Bd7 17. Bd3 f5 18. Qf3 Nb4 19. Bb1 Bc6 20. e4 Rd2 21. Qe3 Rad8 22. Rf2 Rxf2 23. Kxf2 fxe4 24. Nxe4 Nd5 25. Qc5 Qc7 26. Kg1 Qxf4 27. Re1 Nf6 28. Qe7 Re8 29. Qd6 e5 30. Nxf6+ Qxf6 31. Qd3 e4 32. Qe3 a6 33. b4 Kh8 34. Rf1 Qd6 35. a3 h6 36. Bc2 Qe5 37. h3 Qb2 38. Rf2 Qa1+ 39. Kh2 Qe5+ 40. Kg1 Rd8 41. Bb3 Qa1+ 42. Kh2 Qe5+ 43. Kg1 Kh7 44. Bc2 Qd4 45. Qf4 Kh8 46. Kh2 Qd6 47. Kg3 Qe7 48. Kh2 e3 49. Re2 Re8 50. Kg1 Qe5 51. Qg4 Bd5 52. Qg6 Kg8 53. Bd3 Bf7 54. Qh7+ Kf8 55. Rc2 Rd8 56. Rc5 Rd5 57. Rc2 Ke7 58. Rc4 Rxd3 59. Re4 Rd1#  0-1

[Event "Bundesliga 0001"]
[Site "Deutschland"]
[Date "2001.01.28"]
[Round "7.4"]
[White "Baklan, Vladimir"]
[Black "Andersson, Ulf"]
[Result "1/2-1/2"]
[BlackElo "2641"]
[BlackTeam "SG Porz e.V."]
[BlackTeamCountry "GER"]
[EventCountry "GER"]
[EventDate "2000.10.14"]
[EventRounds "15"]
[EventType "team"]
[PlyCount "120"]
[Source "DeepChess"]
[SourceDate "2005.01.01"]
[WhiteElo "2599"]
[WhiteTeam "USC Magdeburg"]
[WhiteTeamCountry "GER"]

1. e4 c5 2. Nf3 e6 3. d4 cxd4 4. Nxd4 Nc6 5. Nc3 a6 6. Be3 Nf6 7. Bd3 d5 8. exd5 exd5 9. Qd2 Bb4 10. a3 Ba5 11. Nxc6 bxc6 12. Bc5 Be6 13. Qg5 h6 14. Qxg7 Rg8 15. Qxh6 Rxg2 16. Qf8+ Kd7 17. Qd6+ Ke8 18. Qxc6+ Nd7 19. Bb4 Bxb4 20. axb4 Rc8 21. Qd6 Qg5 22. h4 Qh5 23. Be2 Qf5 24. O-O-O Rxc3 25. bxc3 Qxf2 26. Rd2 Qe3 27. Qxa6 Ne5 28. Rd1 Kf8 29. Kb1 Kg7 30. h5 Qxc3 31. Qa1 Qxb4+ 32. Qb2 Qxb2+ 33. Kxb2 Rh2 34. Kc1 Kh6 35. Rg1 Rh4 36. Rdd1 Ra4 37. Kd2 Rd4+ 38. Ke1 Ra4 39. Rb1 Ra2 40. Bd1 Ra8 41. Kf2 Rc8 42. Ke3 Nc4+ 43. Kf4 Na3 44. Rb2 d4 45. Rg3 Nc4 46. Rb4 Ne3 47. Rxd4 Nxd1 48. Rxd1 Rxc2 49. Rd8 Rc8 50. Rxc8 Bxc8 51. Rg5 Be6 52. Ra5 Bc4 53. Ke5 Be2 54. Kf6 Bc4 55. Ra8 Kh7 56. Ra5 Be6 57. Rb5 Bc4 58. Rg5 Be6 59. Rg1 Kh6 60. Rg5 Kh7  1/2-1/2

[Event "Bundesliga 0001"]
[Site "Deutschland"]
[Date "2001.02.17"]
[Round "8.3"]
[White "Gdanski, Jacek"]
[Black "Schandorff, Lars"]
[Result "0-1"]
[BlackElo "2520"]
[BlackTeam "SAbt SV Werder Bremen"]
[BlackTeamCountry "GER"]
[EventCountry "GER"]
[EventDate "2000.10.14"]
[EventRounds "15"]
[EventType "team"]
[PlyCount "72"]
[Source "DeepChess"]
[SourceDate "2005.01.01"]
[WhiteElo "2557"]
[WhiteTeam "SK Koenig Plauen"]
[WhiteTeamCountry "GER"]

1. e4 e5 2. Nf3 Nf6 3. Nxe5 d6 4. Nf3 Nxe4 5. d4 d5 6. Bd3 Nc6 7. O-O Be7 8. c4 Nb4 9. Be2 O-O 10. Nc3 Bf5 11. a3 Nxc3 12. bxc3 Nc6 13. cxd5 Qxd5 14. c4 Qd6 15. d5 Ne5 16. Nd4 Bd7 17. a4 Rfe8 18. Kh1 c5 19. Nb5 Bxb5 20. axb5 Bf6 21. Ra3 Ng6 22. f4 Bd4 23. Rh3 a6 24. bxa6 Rxa6 25. Bd3 Nf8 26. Qh5 h6 27. Rhf3 Nd7 28. Rg3 Nf6 29. Qf3 Ra1 30. Bc2 Qe7 31. Qd3 Qe1 32. Rf3 Qxc1 33. Rxc1 Rxc1+ 34. Bd1 Re1+ 35. Rf1 Rxf1+ 36. Qxf1 Ne4  0-1

[Event "Bundesliga 0001"]
[Site "Deutschland"]
[Date "2001.02.18"]
[Round "9.5"]
[White "Maier, Christian"]
[Black "Von Herman, Ulf"]
[Result "0-1"]
[BlackElo "2357"]
[BlackTeam "SK Koenig Tegel 1949 e.V. "]
[BlackTeamCountry "GER"]
[EventCountry "GER"]
[EventDate "2000.10.14"]
[EventRounds "15"]
[EventType "team"]
[PlyCount "80"]
[Source "DeepChess"]
[SourceDate "2005.01.01"]
[WhiteElo "2351"]
[WhiteTeam "SF 1982 Baiertal Schatthausen"]
[WhiteTeamCountry "GER"]

1. e4 g6 2. Nc3 Bg7 3. Bc4 c5 4. h4 Nc6 5. h5 Ne5 6. Bb3 g5 7. h6 Bf6 8. d3 e6 9. Qh5 Ng6 10. Nh3 Bxc3+ 11. bxc3 Qf6 12. Bxg5 Qxc3+ 13. Ke2 b6 14. Bd2 Qd4 15. c3 Qd6 16. Bc2 Ba6 17. Qg5 f6 18. Qg3 Qc6 19. Nf4 N8e7 20. Nh5 O-O 21. Kd1 d5 22. exd5 Qxd5 23. Nf4 Qd7 24. Qg4 f5 25. Qg3 Rad8 26. Re1 Rf6 27. Qg5 Kf7 28. Nh5 Ng8 29. Nxf6 Nxf6 30. c4 b5 31. Ba5 bxc4 32. Bxd8 Qxd8 33. Qe3 Qd6 34. Rb1 cxd3 35. Bb3 c4 36. Qxa7+ Ne7 37. Re3 Nd5 38. Rg3 Nc3+ 39. Kc1 d2+ 40. Kb2 Nxb1  0-1

[Event "Bundesliga 0001"]
[Site "Deutschland"]
[Date "2001.03.31"]
[Round "12.7"]
[White "Grafl, Florian"]
[Black "Joachim, Sven"]
[Result "1-0"]
[BlackElo "2445"]
[BlackTeam "SAbt SV Werder Bremen"]
[BlackTeamCountry "GER"]
[EventCountry "GER"]
[EventDate "2000.10.14"]
[EventRounds "15"]
[EventType "team"]
[PlyCount "73"]
[Source "DeepChess"]
[SourceDate "2005.01.01"]
[WhiteElo "2299"]
[WhiteTeam "TSV Schott Mainz"]
[WhiteTeamCountry "GER"]

1. e4 e6 2. d4 d5 3. Nc3 Nf6 4. Bg5 Bb4 5. e5 h6 6. Bc1 Ne4 7. Qg4 g6 8. Ne2 c5 9. a3 Ba5 10. b4 Nxc3 11. Nxc3 cxd4 12. Nb5 Bc7 13. f4 a6 14. Nxd4 Bb6 15. Bb2 Nc6 16. O-O-O Nxd4 17. Bxd4 Bd7 18. Bb2 a5 19. b5 a4 20. Qf3 h5 21. Kb1 Qc7 22. Rc1 Qc5 23. c4 O-O 24. g4 Qe3 25. Qg3 hxg4 26. Rd1 Rfd8 27. Qxg4 dxc4 28. Bxc4 Rac8 29. Bd3 Be8 30. Rhe1 Qc5 31. Ka1 Qe7 32. f5 exf5 33. Bxf5 Rxd1+ 34. Rxd1 Rd8 35. Rxd8 Qxd8 36. e6 Qd5 37. Qh4  1-0

[Event "Bundesliga 0001"]
[Site "Deutschland"]
[Date "2001.04.01"]
[Round "13.5"]
[White "Emms, John M"]
[Black "Schaller, Sven"]
[Result "1-0"]
[BlackElo "2334"]
[BlackTeam "SK Koenig Plauen"]
[BlackTeamCountry "GER"]
[EventCountry "GER"]
[EventDate "2000.10.14"]
[EventRounds "15"]
[EventType "team"]
[PlyCount "75"]
[Source "DeepChess"]
[SourceDate "2005.01.01"]
[WhiteElo "2527"]
[WhiteTeam "SG 1868 Aljech. Solingen"]
[WhiteTeamCountry "GER"]

1. e4 e6 2. d4 d5 3. Nd2 c5 4. Ngf3 Nc6 5. exd5 exd5 6. Bb5 Bd6 7. dxc5 Bxc5 8. O-O Ne7 9. Nb3 Bd6 10. Re1 O-O 11. Bg5 Bg4 12. Bh4 Re8 13. Bg3 a6 14. Bd3 h6 15. c3 Qd7 16. Bc2 Rac8 17. Qd3 Bf5 18. Qd2 Bxc2 19. Qxc2 Red8 20. Rad1 Qc7 21. Nbd4 Qb6 22. Bxd6 Rxd6 23. Re2 Qd8 24. g3 g6 25. Qd2 Kg7 26. h4 h5 27. Rde1 Ng8 28. Ng5 Qf6 29. Nxc6 Rcxc6 30. Re5 d4 31. cxd4 Rc4 32. d5 Rc5 33. f4 Qd8 34. Qd4 f6 35. Qxc5 fxe5 36. Ne6+ Rxe6 37. dxe6 exf4 38. e7  1-0

[Event "Bundesliga 0001"]
[Site "Deutschland"]
[Date "2001.04.28"]
[Round "14.7"]
[White "Meins, Gerlef"]
[Black "Heinemann, Thies"]
[Result "1/2-1/2"]
[BlackElo "2468"]
[BlackTeam "Hamburger SK 1830 e.V."]
[BlackTeamCountry "GER"]
[EventCountry "GER"]
[EventDate "2000.10.14"]
[EventRounds "15"]
[EventType "team"]
[PlyCount "83"]
[Source "DeepChess"]
[SourceDate "2005.01.01"]
[WhiteElo "2426"]
[WhiteTeam "SAbt SV Werder Bremen"]
[WhiteTeamCountry "GER"]

1. d4 Nf6 2. c4 c5 3. d5 b5 4. cxb5 a6 5. e3 axb5 6. Bxb5 Qa5+ 7. Nc3 Bb7 8. Ne2 Nxd5 9. O-O Nc7 10. a4 Nxb5 11. Nxb5 Bc6 12. Nec3 Na6 13. e4 g6 14. Bg5 Bg7 15. Nd5 h6 16. Bd2 Qd8 17. Qc1 d6 18. Re1 e6 19. Bc3 O-O 20. Bxg7 Kxg7 21. Qc3+ f6 22. Nf4 Qe7 23. Qg3 g5 24. Nxd6 Kh7 25. Nd5 Qd8 26. Nc3 Nb4 27. Rad1 Nc2 28. Ndb5 Qb8 29. Qc7+ Qxc7 30. Nxc7 Nxe1 31. Nxa8 Rxa8 32. Rxe1 Bxa4 33. Ra1 Bc6 34. Rxa8 Bxa8 35. Kf1 f5 36. Ke2 Bb7 37. g3 Kg6 38. Ke3 e5 39. exf5+ Kxf5 40. Na4 c4 41. Nb6 Ba6 42. f3  1/2-1/2

[Event "Bundesliga 0001"]
[Site "Deutschland"]
[Date "2001.04.28"]
[Round "14.4"]
[White "Vogler, Tilmann"]
[Black "Kotter, Ralf"]
[Result "1-0"]
[BlackElo "2369"]
[BlackTeam "SC Hassel KS Gelsenkirchen"]
[BlackTeamCountry "GER"]
[EventCountry "GER"]
[EventDate "2000.10.14"]
[EventRounds "15"]
[EventType "team"]
[PlyCount "99"]
[Source "DeepChess"]
[SourceDate "2005.01.01"]
[WhiteElo "2373"]
[WhiteTeam "TSV Schott Mainz"]
[WhiteTeamCountry "GER"]

1. d4 Nf6 2. Nc3 d5 3. Bg5 Nbd7 4. f3 c6 5. Qd2 e6 6. e4 h6 7. Bf4 Bb4 8. e5 Ng8 9. a3 Bf8 10. h4 c5 11. Be3 a6 12. h5 Ne7 13. f4 Nf5 14. Nf3 Ng3 15. Rh3 Nxf1 16. Kxf1 Qb6 17. b3 Qc7 18. f5 Nb6 19. a4 Bd7 20. Rg3 Nc8 21. dxc5 Ne7 22. fxe6 Bxe6 23. Bf2 O-O-O 24. b4 Nf5 25. a5 Nxg3+ 26. Bxg3 g6 27. hxg6 Rg8 28. Bh4 Be7 29. gxf7 Rg6 30. Qd3 Rg4 31. Be1 Rf4 32. Ne2 Rxf7 33. Nd4 Qxe5 34. Bf2 Qg7 35. Re1 Bg4 36. Ne5 Rf4 37. Nxg4 Qxg4 38. Rxe7 Rdf8 39. Nf3 Rxb4 40. Qxd5 Rb1+ 41. Re1 Rxe1+ 42. Bxe1 Rg8 43. Nd4 Qf4+ 44. Kg1 Qe3+ 45. Bf2 Qc1+ 46. Kh2 Qf4+ 47. Kh1 Rg5 48. Qe6+ Kb8 49. Qe8+ Ka7 50. Nf3  1-0

[Event "Bundesliga 0001"]
[Site "Deutschland"]
[Date "2001.04.29"]
[Round "15.6"]
[White "Graf, Alexander"]
[Black "Gross, David2"]
[Result "0-1"]
[BlackElo "2484"]
[BlackTeam "TV Tegernsee"]
[BlackTeamCountry "GER"]
[EventCountry "GER"]
[EventDate "2000.10.14"]
[EventRounds "15"]
[EventType "team"]
[PlyCount "80"]
[Source "DeepChess"]
[SourceDate "2005.01.01"]
[WhiteElo "2642"]
[WhiteTeam "SG Porz e.V."]
[WhiteTeamCountry "GER"]

1. d4 Nf6 2. c4 e6 3. Nc3 Bb4 4. e3 O-O 5. Ne2 d5 6. a3 Be7 7. Ng3 c5 8. dxc5 dxc4 9. Bd2 Nbd7 10. Bxc4 Nxc5 11. Qe2 a6 12. O-O b5 13. Ba2 Qd3 14. Rfd1 Qxe2 15. Ncxe2 Bb7 16. Bb4 Bd5 17. Nd4 Rfc8 18. b3 Bf8 19. f3 g6 20. e4 Bb7 21. Be1 e5 22. Nde2 a5 23. Bc3 Ncd7 24. b4 axb4 25. axb4 Ra6 26. Bb3 Rxa1 27. Rxa1 Bd6 28. Nh1 Kf8 29. Nf2 Ra8 30. Rb1 Ke7 31. Nd3 Ne8 32. Be1 Nc7 33. Nc3 Ra3 34. Kf1 Bc6 35. Ke2 Na6 36. Nd5+ Bxd5 37. Bxd5 Nc7 38. Bb3 Nb6 39. Bc3 f6 40. Kd2 Ra8  0-1

[Event "Bundesliga 0102"]
[Site "Deutschland"]
[Date "2001.11.24"]
[Round "3.6"]
[White "Hector, Jonny"]
[Black "Voigt, Martin"]
[Result "1-0"]
[BlackElo "2300"]
[BlackTeam "SC Koenigsspringer 1984 Hamburg"]
[BlackTeamCountry "GER"]
[EventCountry "GER"]
[EventDate "2001.10.06"]
[EventRounds "15"]
[EventType "team"]
[PlyCount "83"]
[Source "DeepChess"]
[SourceDate "2005.01.01"]
[WhiteElo "2552"]
[WhiteTeam "Luebecker SV von 1873 "]
[WhiteTeamCountry "GER"]

1. e4 e6 2. d4 d5 3. Nc3 Bb4 4. Ne2 dxe4 5. a3 Be7 6. g4 e5 7. h3 exd4 8. Qxd4 Qxd4 9. Nxd4 a6 10. Bf4 c5 11. Nb3 Nf6 12. O-O-O Be6 13. Na5 b5 14. Bg2 Nbd7 15. Nxe4 Nxe4 16. Bxe4 Rd8 17. Nb7 Rc8 18. Nd6+ Bxd6 19. Bxd6 Nb8 20. Bb7 Rd8 21. Bxc5 Rd7 22. Be4 Kd8 23. f4 Kc8 24. f5 Rxd1+ 25. Rxd1 Bd7 26. Bd4 f6 27. g5 Re8 28. gxf6 gxf6 29. Bd3 Rf8 30. Rg1 Nc6 31. Bf2 Ne5 32. Be4 Kc7 33. Bc5 Re8 34. Bf2 Nc4 35. Rg4 Re7 36. b3 Nd6 37. Bg3 Bc6 38. Bd3 Bd5 39. c4 bxc4 40. bxc4 Re3 41. Bxd6+ Kxd6 42. Rd4  1-0

[Event "Bundesliga 0102"]
[Site "Deutschland"]
[Date "2001.11.25"]
[Round "4.6"]
[White "Voigt, Martin"]
[Black "Wahls, Matthias"]
[Result "0-1"]
[BlackElo "2580"]
[BlackTeam "Hamburger SK 1830 e.V."]
[BlackTeamCountry "GER"]
[EventCountry "GER"]
[EventDate "2001.10.06"]
[EventRounds "15"]
[EventType "team"]
[PlyCount "82"]
[Source "DeepChess"]
[SourceDate "2005.01.01"]
[WhiteElo "2300"]
[WhiteTeam "SC Koenigsspringer 1984 Hamburg"]
[WhiteTeamCountry "GER"]

1. e4 c5 2. Nf3 d6 3. d4 cxd4 4. Nxd4 Nf6 5. Nc3 a6 6. Bc4 e6 7. O-O b5 8. Bb3 Be7 9. f4 Bb7 10. Bxe6 fxe6 11. Nxe6 Qb6+ 12. Kh1 Nxe4 13. Nxe4 Bxe4 14. f5 h5 15. Nxg7+ Kf7 16. Nxh5 Qc6 17. Nf4 Nd7 18. Qe2 Qc4 19. Re1 Qxe2 20. Rxe2 d5 21. Be3 Bd6 22. Kg1 Ne5 23. h3 Rag8 24. Kf1 Rg5 25. Rf2 Rxf5 26. Rd1 Nc4 27. Nxd5 Rh5 28. b3 Rxf2+ 29. Kxf2 Rxd5 30. Rxd5 Bxd5 31. bxc4 Bxc4 32. a4 b4 33. Bd4 Bd5 34. Ke3 Bxg2 35. Kd2 Ke6 36. h4 Kd5 37. Bf6 Bf3 38. Kc1 Kc4 39. Kb2 Bc5 40. Bg7 a5 41. c3 Be7  0-1

[Event "Bundesliga 0102"]
[Site "Deutschland"]
[Date "2002.02.01"]
[Round "5.3"]
[White "Gabriel, Christian"]
[Black "Hertneck, Gerald"]
[Result "1/2-1/2"]
[BlackElo "2572"]
[BlackTeam "TV Tegernsee"]
[BlackTeamCountry "GER"]
[EventCountry "GER"]
[EventDate "2001.10.06"]
[EventRounds "15"]
[EventType "team"]
[PlyCount "90"]
[Source "DeepChess"]
[SourceDate "2005.01.01"]
[WhiteElo "2545"]
[WhiteTeam "Stuttgarter SF 1879"]
[WhiteTeamCountry "GER"]

1. Nf3 Nf6 2. c4 c5 3. Nc3 Nc6 4. g3 e6 5. Bg2 d5 6. cxd5 Nxd5 7. O-O Be7 8. d4 O-O 9. Nxd5 exd5 10. dxc5 Bxc5 11. Bg5 f6 12. Bf4 Be6 13. Rc1 Qe7 14. a3 Rfd8 15. Qd3 Bb6 16. Rfd1 Rd7 17. b4 Re8 18. Rc2 d4 19. h4 Qf7 20. Rdc1 Ne7 21. Ne1 Ng6 22. Rc8 Nxf4 23. gxf4 Re7 24. Rxe8+ Qxe8 25. Bf3 h5 26. f5 Bf7 27. Ng2 Qb8 28. Qd2 Qe5 29. Rc8+ Re8 30. Rxe8+ Bxe8 31. Qf4 Bd7 32. Bxh5 Bxf5 33. Bf3 Qxf4 34. Nxf4 Bc7 35. Bd5+ Kh7 36. Ne6 Be5 37. Nd8 b6 38. Nc6 a6 39. Bc4 Bc8 40. Ne7 Bb7 41. Bd5 Bxd5 42. Nxd5 b5 43. f4 Bd6 44. Kg2 Kg6 45. Kf3 f5  1/2-1/2

[Event "Bundesliga 0102"]
[Site "Deutschland"]
[Date "2002.02.01"]
[Round "5.4"]
[White "Nataf, Igor-Alexandre"]
[Black "Bunzmann, Dimitri"]
[Result "1/2-1/2"]
[BlackElo "2509"]
[BlackTeam "Stuttgarter SF 1879"]
[BlackTeamCountry "GER"]
[EventCountry "GER"]
[EventDate "2001.10.06"]
[EventRounds "15"]
[EventType "team"]
[PlyCount "55"]
[Source "DeepChess"]
[SourceDate "2005.01.01"]
[WhiteElo "2527"]
[WhiteTeam "TV Tegernsee"]
[WhiteTeamCountry "GER"]

1. e4 e6 2. d4 d5 3. Nc3 Bb4 4. exd5 exd5 5. Bd3 Nc6 6. a3 Ba5 7. Be3 Nf6 8. h3 Ne4 9. Ne2 f5 10. O-O O-O 11. f3 Nxc3 12. bxc3 Qf6 13. Qd2 Bd7 14. Kh1 Rae8 15. Rfe1 f4 16. Bf2 Kh8 17. Bb5 Nb8 18. a4 a6 19. Bd3 Nc6 20. Reb1 Bc8 21. Rd1 Nd8 22. Nc1 Qh6 23. Nb3 Bb6 24. a5 Ba7 25. Bf1 Nf7 26. Re1 Nd6 27. Rxe8 Rxe8 28. Re1  1/2-1/2

[Event "Bundesliga 0102"]
[Site "Deutschland"]
[Date "2002.02.02"]
[Round "6.4"]
[White "Bunzmann, Dimitri"]
[Black "Vallejo Pons, Francisco"]
[Result "1/2-1/2"]
[BlackElo "2630"]
[BlackTeam "Luebecker SV von 1873 "]
[BlackTeamCountry "GER"]
[EventCountry "GER"]
[EventDate "2001.10.06"]
[EventRounds "15"]
[EventType "team"]
[PlyCount "62"]
[Source "DeepChess"]
[SourceDate "2005.01.01"]
[WhiteElo "2509"]
[WhiteTeam "Stuttgarter SF 1879"]
[WhiteTeamCountry "GER"]

1. d4 d5 2. c4 c6 3. Nc3 e6 4. e4 Bb4 5. exd5 cxd5 6. cxd5 exd5 7. Bd3 Nc6 8. Ne2 Nge7 9. O-O O-O 10. Nf4 Qd6 11. Be3 Bxc3 12. bxc3 Rd8 13. Qb1 g6 14. Rd1 b6 15. c4 dxc4 16. Bxc4 Na5 17. Be2 Bb7 18. d5 Rac8 19. Qb5 Nf5 20. Rac1 Nxe3 21. Rxc8 Rxc8 22. fxe3 Qe5 23. Kf2 Rd8 24. h4 Ba8 25. d6 Qf6 26. Qg5 Qxg5 27. hxg5 Bc6 28. Ba6 Kf8 29. Rd4 b5 30. Ke2 Be8 31. Rd5 Nc4  1/2-1/2

[Event "Bundesliga 0102"]
[Site "Deutschland"]
[Date "2002.02.03"]
[Round "7.6"]
[White "Bosch, Jeroen"]
[Black "Breder, Dennis"]
[Result "1/2-1/2"]
[BlackElo "2411"]
[BlackTeam "Godesberger SK 1929"]
[BlackTeamCountry "GER"]
[EventCountry "GER"]
[EventDate "2001.10.06"]
[EventRounds "15"]
[EventType "team"]
[PlyCount "53"]
[Source "DeepChess"]
[SourceDate "2005.01.01"]
[WhiteElo "2475"]
[WhiteTeam "SV Castrop Rauxel 1923"]
[WhiteTeamCountry "GER"]

1. d4 Nf6 2. c4 e6 3. Nc3 Bb4 4. e3 O-O 5. Ne2 d5 6. a3 Be7 7. Nf4 dxc4 8. Bxc4 c5 9. O-O a6 10. dxc5 Bxc5 11. b4 Be7 12. Bb2 Qxd1 13. Rfxd1 b5 14. Bb3 Bb7 15. Rac1 Nc6 16. Nd3 Rfd8 17. Ne2 Nd7 18. Nd4 Rac8 19. Nxc6 Bxc6 20. Bd4 Kf8 21. f3 Bb7 22. Kf2 g6 23. Ke2 Ke8 24. h3 Rxc1 25. Rxc1 Rc8 26. Rxc8+ Bxc8 27. e4  1/2-1/2